Every Album Kendrick Lamar Is Featured On - Statistics

General Stats
  • This quiz has been taken 33 times
  • The average score is 6 of 78
Answer Stats
Hint Answer % Correct
2011 Take Care
60%
2024 WE DON'T TRUST YOU
56%
2021 The Melodic Blue
52%
2017 Ctrl
36%
2014 Oxymoron
36%
2013 LONG.LIVE.A$AP
32%
2016 Birds In The Trap Sing McKnight
28%
2013 My Name Is My Name
28%
2013 Born Sinner
24%
2016 Starboy
20%
2018 Tha Carter V
20%
2013 The Marshall Mathers LP 2
20%
2016 Atrocity Exhibition
16%
2016 Lemonade
16%
2013 Blurred Lines
12%
2018 Redemption
12%
2016 We got it from Here... Thank You 4 Your service
12%
2023 1989 (Taylor's Version)
8%
2018 Black Panther: The Album
8%
2015 Compton
8%
2012 Macadelic
8%
2016 Major Key
8%
2016 The Sun's Tirade
8%
2013 The Wack Album
8%
2014 Z
8%
2015 90059
4%
2012 Detroit
4%
2017 Drunk
4%
2011 Follow Me Home
4%
2013 Girl Who Got Away
4%
2013 Indicud
4%
2012 Kiss The Ring
4%
2017 Laila's Wisdom
4%
2018 Oxnard
4%
2013 Prisoner Of Conscious
4%
2013 Something Else
4%
2014 X
4%
2013 3ChordFold
0%
2011 All 6's And 7's
0%
2013 Avalanche
0%
2015 Bush
0%
2019 Chasing Summer
0%
2012 Control System
0%
2014 Divergent
0%
2012 Dreamchasers 2
0%
2021 DRONES
0%
2018 Effected
0%
2020 Extinction Level Event 2: The Wrath of God
0%
2015 Free TC
0%
2012 GMB
0%
2012 Habits & Contradictions
0%
2015 In Another Life
0%
2016 In My Mind
0%
2012 Jesus Piece
0%
2011 Longterm Mentality
0%
2014 My Krazy Life
0%
2017 NO_ONE EVER REALLY DIES
0%
2018 POISON
0%
2017 Pressure
0%
2012 Quality Street Music
0%
2014 Ransom
0%
2017 Ransom 2
0%
2019 Rap or Go To The League
0%
2013 Rich Gang
0%
2011 Rolling Stoned
0%
2013 Sail Out
0%
2011 Setbacks
0%
2012 The Block Brochure: Welcome To The Soil 3
0%
2016 The Divine Feminine
0%
2015 The Documentary 2
0%
2019 The Lion King: The Gift
0%
2011 The R.E.D Album
0%
2014 These Days...
0%
2011 The Wonder Years
0%
2018 The World Is Yours
0%
2018 Victory Lap
0%
2013 Where Does This Door Go
0%
2014 You're Dead!
0%
No matching quizzes found
Score Distribution
Percent of People with Each Score
Percentile by Number Answered
Your Score History
You have not taken this quiz